UBT Library

By the people : (Record no. 41892)

000 -LEADER
fixed length control field 00841cam a2200265 i 4500
001 - CONTROL NUMBER
control field 18687262
005 - DATE AND TIME OF LATEST TRANSACTION
control field 20180206042509.0
008 - FIXED-LENGTH DATA ELEMENTS--GENERAL INFORMATION
fixed length control field 150706t20162016nyua b 001 0 eng d
010 ## - LIBRARY OF CONGRESS CONTROL NUMBER
LC control number 2015452142
020 ## - INTERNATIONAL STANDARD BOOK NUMBER
International Standard Book Number 9780190216733
020 ## - INTERNATIONAL STANDARD BOOK NUMBER
International Standard Book Number 0190216735
035 ## - SYSTEM CONTROL NUMBER
System control number (OCoLC)ocn910106066
040 ## - CATALOGING SOURCE
Original cataloging agency CPA
Language of cataloging eng
Transcribing agency CPA
Description conventions rda
Modifying agency OCLCO
-- DLC
041 ## - LANGUAGE CODE
Language code of text/sound track or separate title eng
042 ## - AUTHENTICATION CODE
Authentication code lccopycat
080 ## - UNIVERSAL DECIMAL CLASSIFICATION NUMBER
Universal Decimal Classification number 320.473 JAM
082 04 - DEWEY DECIMAL CLASSIFICATION NUMBER
Classification number 320.473 JAM
Edition number 23
100 1# - Rafti
Rafti 22
101 ## - Shkurtesa
Shkurtesa POL
245 10 - TITLE STATEMENT
Title By the people :
Statement of responsibility, etc James A. Morone, Brown University, Rogan Kersh, Wake Forest University.
504 ## - BIBLIOGRAPHY, ETC. NOTE
Bibliography, etc Includes bibliographical references and index.
906 ## - LOCAL DATA ELEMENT F, LDF (RLIN)
a 7
b cbc
c copycat
d 2
e ncip
f 20
g y-gencatlg
942 ## - ADDED ENTRY ELEMENTS (KOHA)
Source of classification or shelving scheme
Item type Books
Holdings
Withdrawn status Lost status Source of classification or shelving scheme Damaged status Not for loan Collection code Permanent location Current location Shelving location Date acquired Total Checkouts Full call number Barcode Date last seen Price effective from Koha item type
          Koleksioni i përgjithshem UBT - Lipjan UBT - Lipjan Koleksioni i përgjithshem 02/06/2018   320.473 JAM 002-2999243 02/06/2018 02/06/2018 Books
UBT Library © 2015-2024. All rights reserved University Education for Business and Technology